| 000 | 01309cas a22003611 4500 | ||
|---|---|---|---|
| 999 |
_c16954 _d16954 |
||
| 005 | 20180517111222.0 | ||
| 008 | 741224c19329999enkbxzp 0 a0eng c | ||
| 022 | _a0021-8790 | ||
| 040 |
_aU.S. Dept. of Agr. Libr. _cDLC _dOCL _dNSD _dDLC _dOCL _dRCS _dOCL _dAIP _dAGL _dAIP _dOCL _dIUL _dOCL _dDLC _dCUS _dMYG _dCO-BoIAVH |
||
| 041 | 0 | _aeng | |
| 044 | _aenk | ||
| 090 | _aSE | ||
| 245 | 0 | 0 | _aJournal of animal ecology |
| 246 | 1 | 3 | _aThe journal of animal ecology |
| 260 |
_aOxford (Inglaterra) : _bBritish Ecological Society, _c1932-. |
||
| 300 |
_bilustraciones y mapas _c26 cm. |
||
| 310 |
_bJan. 1995- _ab |
||
| 321 |
_at _bMay 1932-Oct. 1992 |
||
| 321 |
_aq _b1993-1994 |
||
| 510 | 1 |
_aBiological & agricultural index _x0006-3177 |
|
| 510 | 2 |
_aBiological abstracts _x0006-3169 |
|
| 510 | 2 | _aCanadian Environment | |
| 510 | 2 |
_aEnergy information abstracts _x0147-6521 |
|
| 510 | 2 |
_aEnvironment abstracts _x0093-3287 |
|
| 510 | 2 | _aLife sciences collection | |
| 510 | 2 |
_aMathematical reviews _x0025-5629 |
|
| 510 | 0 |
_aBibliography of agriculture _x0006-1530 |
|
| 510 | 0 |
_aChemical abstracts _x0009-2258 |
|
| 510 | 0 |
_aSelected water resources abstracts _x0037-136X |
|
| 650 | 2 | 6 |
_aEcología animal _vPublicaciones periódicas |
| 710 | 2 | _aBritish Ecological Society | |
| 942 |
_2z _cREVISTA _s1 |
||